000 00914nam a2200289 a 4500
008
020 _a0240514947 (pbk.)
049 _aMAIN
090 _aTK5104
100 1 _aLewis, Geoffrey E.
245 1 0 _aCommunications systems :
_bengineers' choices /
_cGeoff Lewis.
250 _a3rd ed.
260 _aOxford :
_bFocal Press,
_c1999.
300 _axii, 528 p. :
_bill. ;
_c24 cm.
504 _aIncludes bibliographical references.
500 _aIncludes index.
650 0 _aArtificial satellites in telecommunication.
650 0 _aTelevision
_xReceivers and reception.
650 0 _aSignal processing.
650 0 _aTelecommunication systems.
700 1 _aLewis, Geoffrey E.
_tCommunication services via satellite.
907 _a.b10026812
_b07-04-04
_c17-04-03
003
005 20230123133633.0
040 _cNUST
942 _cBOOKS
_kTK5104
999 _c152051
_d152051